Top 10 biggest cities in Sweden - Statistics

General Stats
  • This quiz has been taken 1,173 times
  • The average score is 7 of 10
Answer Stats
No. Population City % Correct
1 1,372,000 Stockholm
100%
3 280,000 Malmö
96%
2 549,000 Göteborg
94%
4 140,000 Uppsala
77%
7 104,000 Linköping
57%
9 89,000 Jönköping
55%
10 87,000 Norrköping
53%
6 107,000 Örebro
50%
8 97,000 Helsingborg
47%
5 110,000 Västerås
47%
No matching quizzes found
Score Distribution
Percent of People with Each Score
Percentile by Number Answered
Your Score History
You have not taken this quiz